Statistics for Fibonacci Numbers - One Minute Sprint

Click here to take the quiz!

General Stats

  • This quiz has been taken 25,592 times
  • The average score is 15 of 26

Answer Stats

Number% Correct
1
100%
1
98%
2
97%
3
97%
5
96%
8
96%
13
95%
21
93%
34
92%
55
91%
89
89%
144
83%
233
71%
377
67%
610
57%
987
51%
1597
40%
2584
20%
4181
10%
6765
7%
10946
4%
17711
3%
28657
2%
46368
2%
121393
1%
75025
1%

Score Distribution

Percentile by Number Answered

Percent of People with Each Score

Your Score History

You have not taken this quiz